000 00367 a2200133 4500
001 90376
082 _aPR 887
090 _c42696
_d42696
100 _aHafeez
245 _aDetermination of static stability of an aircraft through wind tunnel tests
_nG-21
260 _aKarachi
_bNED University
_c1985
300 _a152 p.
_bhand written
500 _aBE Project Reports
942 _aCAE NUST
_kPR 887
999 _c325449
_d325449